00436 2200169 4500001002100000005001500021008004100036020002200077035001900099041000700118082001100125090001700136100001900153245003600172260003200208300002600240INLIS00000000000054520241224112205241224||||||||| | ||| |||| || |  a978-979-518-647-2 0010-1224000545 aid0 a306.44 a306.44 ABD s0 aMaya Apriyanti00aSosiolinguistik Perkenalan Awal aJakartabRineka Ciptac2010 aix, 268 hlm.; 23,5 cm